| 000 | 00000nam 2200000za 4500 |
| 001 | 9.657907 |
| 003 | CaOODSP |
| 005 | 20250121145111 |
| 007 | ta |
| 008 | 150407|1996||||xxc||||| f|0| 0 eng d |
| 020 | |a0-7748-0565-X |
| 040 | |aCaOODSP|beng |
| 041 | |aeng |
| 041 | |afre |
| 043 | |an-cn--- |
| 086 | 1 |aSN3-302/1996 |
| 110 | 1 |aCanada.|bNational Library of Canada. |
| 245 | 10|aCanadian reference sources: an annotated bibliography : |bgeneral reference works, history, humanities / |cby Mary E. Bond and Martine M. Caron. |
| 260 | |aOttawa - Ontario : |bNational Library of Canada |c1996. |
| 300 | |axvi, 1076p. ; |c27 cm. |
| 500 | |a"This bibliography includes reference sources of all types, in various formats, about Canada. Canadian and foreign publications which describe Canadian people, institutions, organizations, publications, art, literature, languages, history, etc., are cited and annotated. Sources published in Canada or of Canadian authorship but on non-Canadian subjects are excluded. The items listed are generally published and available in at least one Canadian library."--Introduction. Published by UBC Press in cooperation with the National Library of Canada and Canada Communication Group -- Publishing. |
| 520 | 3 |aThis bibliography includes reference sources of all types, in various formats, about Canada. Canadian and foreign publications which describe Canadian people, institutions, organizations, publications, art, literature, languages, history, etc., are cited and annotated. Sources published in Canada or of Canadian authorship but on non-Canadian subjects are excluded. The items listed are generally published and available in at least one Canadian library.--Introduction |
| 546 | |aBilingual |
| 563 | |aClothbound |
| 590 | |a96-26|b1996-06-28 |
| 690 | 07|aBibliographies|2gcpds |
| 720 | 1 |aBond, Mary E. |
| 720 | 1 |aCaron, Martine M. |
| 776 | 0#|tCanadian reference sources : |w(CaOODSP)9.947217 |
| 792 | |tOuvrages de référence canadiens: une bibliographie annotée : |efre|w(CaOODSP)9.657908 |